[Event "POL-ChT3"]
[Site "Lazy POL"]
[Date "2012.09.02"]
[Round "2"]
[White "Zgadzaj, Rafal"]
[Black "Polok, Kacper"]
[Result "1-0"]
[WhiteElo "2153"]
[BlackElo "2146"]
[EventDate "2012.09.01"]
[PlyCount "55"]

1.e4 c5 2.c4 Nc6 3.Nc3 g6 4.Nge2 Bg7 5.g3 Ne5 6.Nf4 Nf6 7.d3 d6 8.h3 h5 9.
Bg2 g5 10.Nfd5 e6 11.Nxf6+ Bxf6 12.O-O Ng6 13.Be3 h4 14.Qd2 g4 15.hxg4 
Bxc3 16.bxc3 e5 17.Qe2 hxg3 18.fxg3 Be6 19.d4 cxd4 20.cxd4 exd4 21.Bxd4 
Ne5 22.Qb2 Qc7 23.c5 Rd8 24.cxd6 Qxd6 25.Bxe5 Qc5+ 26.Rf2 Rd2 27.Qxd2 Qxe5
28.Rd1 1-0

[Event "POL-ChT3"]
[Site "Lazy POL"]
[Date "2012.09.02"]
[Round "2"]
[White "Wieczorek, Zbigniew"]
[Black "Sztwiertnia, Jan Krzysztof"]
[Result "1-0"]
[WhiteElo "2307"]
[BlackElo "2073"]
[EventDate "2012.09.01"]

1.Nf3 d5 2.g3 Bg4 3.Bg2 c6 4.O-O Nd7 5.d3 Ngf6 6.Qe1 e5 7.e4 dxe4 8.dxe4 
Be7 9.Nbd2 O-O 10.Nc4 Qc7 11.b3 Ne8 12.Bb2 f6 13.Nh4 Nd6 14.Ne3 Be6 15.
Nhf5 Nxf5 16.exf5 Bf7 17.Qe2 Nb6 18.Bf3 Bc5 19.Bh5 Rfd8 20.Bxf7+ Qxf7 21.
Rad1 a6 22.Ng4 Rd7 23.Rd3 Rad8 24.Rfd1 Rxd3 25.Rxd3 Rxd3 26.cxd3 Na8 27.
Qc2 Qd5 28.Ne3 Qd6 29.Kf1 Nc7 30.Qc4+ Kf8 31.Bc1 Qd4 32.Qc2 Nd5 33.Nxd5 
Qxd5 34.Ke2 b5 35.Bd2 Ke8 36.b4 Bb6 37.Qb3 Qxb3 38.axb3 Kd7 39.Kf3 Kd6 40.
Bc1 Kd5 41.Bd2 Bd4 42.g4 c5 43.bxc5 Bxc5 44.b4 Bd6 45.Bc3 Bc7 46.h4 h6 47.
Ke2 e4 48.dxe4+ Kxe4 49.f3+ Kd5 50.Kd3 Bg3 51.h5 Bf4 52.Be1 Bh2 53.Bd2 Bg1
54.Bc3 Bf2 55.g5 Bh4 56.Bxf6 Bxg5 57.Bxg5 hxg5 58.f6 Ke6 59.fxg7 Kf7 60.h6
1-0

[Event "POL-ChT3"]
[Site "Lazy POL"]
[Date "2012.09.02"]
[Round "2"]
[White "Hermanowicz, Dominika"]
[Black "Cherednichenko, Elena"]
[Result "1-0"]
[WhiteElo "2076"]
[BlackElo "2160"]
[EventDate "2012.09.01"]
[PlyCount "83"]

1.e4 e5 2.Nf3 Nc6 3.Bb5 g6 4.O-O Bg7 5.c3 a6 6.Ba4 d6 7.d4 Bd7 8.dxe5 dxe5
9.Bg5 f6 10.Be3 b5 11.Bc2 Be6 12.Nbd2 Nge7 13.Nb3 O-O 14.Nc5 Bc4 15.Qxd8 
Rfxd8 16.Rfd1 b4 17.Rxd8+ Rxd8 18.Nd2 Be2 19.Re1 bxc3 20.bxc3 Bg4 21.Nxa6 
f5 22.Nb3 fxe4 23.Bxe4 Bf5 24.Nbc5 Bxe4 25.Nxe4 Ra8 26.Nxc7 Rxa2 27.Rd1 
Rb2 28.h3 Rb7 29.Ne6 Nf5 30.Bc5 Bh6 31.g4 Nh4 32.Nd8 Rc7 33.Nf6+ Kh8 34.
Ne8 Nf3+ 35.Kg2 Nh4+ 36.Kf1 Nxd8 37.Nxc7 Nf7 38.Be7 Nf3 39.Ne6 Nd2+ 40.Ke2
Ne4 41.Ra1 Nxc3+ 42.Kd3 1-0

[Event "POL-ChT3"]
[Site "Lazy POL"]
[Date "2012.09.02"]
[Round "2"]
[White "Butkiewicz, Lukasz"]
[Black "Stachanczyk, Jacek"]
[Result "1-0"]
[WhiteElo "2390"]
[BlackElo "2247"]
[EventDate "2012.09.01"]
[PlyCount "49"]

1.e4 c5 2.Nf3 Nc6 3.d4 cxd4 4.Nxd4 Nf6 5.Nc3 d6 6.f3 e5 7.Nb3 Be7 8.Be3 
O-O 9.Qd2 a5 10.Bb5 Be6 11.Rd1 Na7 12.Be2 Qc7 13.Bxa7 b6 14.Nb5 Qb7 15.Qe3
Nd7 16.a4 Rfc8 17.Bd3 Nc5 18.Nxc5 Rxc5 19.c3 Bd7 20.b4 axb4 21.cxb4 Rxb5 
22.Bxb5 Bxb5 23.axb5 Rxa7 24.O-O Ra4 25.Qc3 1-0

[Event "POL-ChT3"]
[Site "Lazy POL"]
[Date "2012.09.02"]
[Round "2"]
[White "Gumula, Daniel"]
[Black "Lercel, Michal"]
[Result "1/2-1/2"]
[WhiteElo "2273"]
[BlackElo "2173"]
[EventDate "2012.09.01"]
[PlyCount "33"]

1.e4 e5 2.Nf3 Nc6 3.Bb5 a6 4.Bxc6 dxc6 5.O-O f6 6.c3 Qd3 7.h3 Be6 8.Na3 
Bxa3 9.bxa3 Qxe4 10.d4 O-O-O 11.Re1 Qg6 12.Nh4 Qf7 13.Qe2 Bc4 14.Qg4+ Be6 
15.Qe2 Bc4 16.Qg4+ Be6 17.Qe2 1/2-1/2

[Event "POL-ChT3"]
[Site "Lazy POL"]
[Date "2012.09.02"]
[Round "2"]
[White "Gomulka, Jaroslaw"]
[Black "Tokarski, Lukasz"]
[Result "1-0"]
[WhiteElo "2107"]
[BlackElo "2278"]
[EventDate "2012.09.01"]
[PlyCount "73"]

1.c4 g6 2.Nc3 Bg7 3.g3 c5 4.Bg2 Nc6 5.d3 e6 6.e4 Nge7 7.Nge2 d6 8.O-O O-O 
9.Be3 Nd4 10.Qd2 Nec6 11.Bh6 a6 12.Bxg7 Kxg7 13.f4 f5 14.Rae1 Bd7 15.Nxd4 
cxd4 16.Ne2 Qb6 17.a3 a5 18.b3 Rae8 19.Rb1 e5 20.b4 fxe4 21.Bxe4 Bg4 22.
bxa5 Qa7 23.f5 gxf5 24.Qg5+ Kh8 25.Bxf5 Bxe2 26.Rf2 Bxd3 27.Bxd3 Rxf2 28.
Kxf2 Rf8+ 29.Kg2 Rf7 30.Rf1 Rxf1 31.Kxf1 Qb8 32.Qf6+ Kg8 33.Be4 h6 34.Bd5+
Kh7 35.Bf7 Qf8 36.Bg6+ Kg8 37.Bh7+ 1-0

[Event "POL-ChT3"]
[Site "Lazy POL"]
[Date "2012.09.02"]
[Round "2"]
[White "Kolosowski, Pawel"]
[Black "Stepien, Marcin"]
[Result "1/2-1/2"]
[WhiteElo "2280"]
[BlackElo "2132"]
[EventDate "2012.09.01"]
[PlyCount "86"]

1.e4 e6 2.d3 d5 3.Nd2 Nf6 4.Ngf3 Nc6 5.e5 Nd7 6.d4 f6 7.Bd3 Nb4 8.Be2 fxe5
9.Nxe5 Nxe5 10.dxe5 c5 11.O-O Bd7 12.f4 Qb6 13.Nf3 O-O-O 14.c3 Nc6 15.Kh1 
g6 16.a3 c4 17.b4 cxb3 18.Rb1 Na5 19.Bd3 Bc5 20.Nd2 Bb5 21.Bxb5 Qxb5 22.
Rf3 Rhf8 23.Nxb3 Nxb3 24.Qxb3 Qxb3 25.Rxb3 Kc7 26.g4 Rf7 27.g5 Kc6 28.Kg2 
Rc8 29.Kf1 b5 30.Ke2 d4 31.cxd4 Bxd4 32.Rfd3 Rd7 33.Be3 Rcd8 34.Bxd4 Rxd4 
35.Rbc3+ Kb7 36.Rxd4 Rxd4 37.Ke3 Rd5 38.Ke4 a5 39.h4 Rd7 40.h5 Rc7 41.Rd3 
Rc4+ 42.Ke3 Kc7 43.hxg6 hxg6 1/2-1/2

[Event "POL-ChT3"]
[Site "Lazy POL"]
[Date "2012.09.02"]
[Round "2"]
[White "Zareba, Radoslaw"]
[Black "Siedlinski, Piotr"]
[Result "1/2-1/2"]
[WhiteElo "2049"]
[BlackElo "2092"]
[EventDate "2012.09.01"]
[PlyCount "53"]

1.c4 e6 2.Nf3 d5 3.cxd5 exd5 4.g3 Nf6 5.Bg2 Bd6 6.O-O O-O 7.d3 c6 8.Nc3 
Re8 9.Re1 Nbd7 10.a3 a5 11.Rb1 Ne5 12.b4 axb4 13.axb4 Nfg4 14.h3 Nxf3+ 15.
Bxf3 Nf6 16.Bg2 Qb6 17.e3 d4 18.Ne4 Nxe4 19.dxe4 dxe3 20.Bxe3 Qc7 21.b5 
cxb5 22.Rxb5 Re5 23.Rb6 Bc5 24.Rb5 Bd6 25.Rb6 Bc5 26.Rb5 Bd6 27.Rb6 
1/2-1/2

[Event "POL-ChT3"]
[Site "Lazy POL"]
[Date "2012.09.02"]
[Round "2"]
[White "Guzik, Jolanta"]
[Black "Krokay, Urszula"]
[Result "1/2-1/2"]
[WhiteElo "2139"]
[BlackElo "1868"]
[EventDate "2012.09.01"]
[PlyCount "81"]

1.b4 d5 2.Bb2 Bf5 3.e3 e6 4.b5 Nf6 5.Nf3 h6 6.Be2 Bd6 7.d3 O-O 8.O-O Nbd7 
9.Nd4 Bh7 10.Nb3 e5 11.Qc1 c6 12.bxc6 bxc6 13.c4 Qb8 14.Ba3 Bxa3 15.Qxa3 
a5 16.Rc1 a4 17.N3d2 d4 18.Bf3 Ra6 19.e4 c5 20.Bd1 Ne8 21.Rc2 Nd6 22.Qc1 
f5 23.f3 fxe4 24.fxe4 Rf4 25.Na3 Qf8 26.Be2 Nc8 27.Rb1 Rg6 28.Qe1 Rgf6 29.
Nb5 Qd8 30.Nf1 Bg6 31.Na3 Rf8 32.Rcb2 Nd6 33.Nd2 Qf6 34.Nb5 Nc8 35.Na3 Nd6
36.Nb5 Ne8 37.Na3 Nd6 38.Nb5 Ne8 39.Na3 Nd6 40.Nb5 Ne8 41.Na3 1/2-1/2

[Event "POL-ChT3"]
[Site "Lazy POL"]
[Date "2012.09.02"]
[Round "2"]
[White "Musialkiewicz, Jan"]
[Black "Janczarski, Michal"]
[Result "1/2-1/2"]
[WhiteElo "2224"]
[BlackElo "2306"]
[EventDate "2012.09.01"]
[PlyCount "72"]

1.e4 c5 2.Nf3 d6 3.d4 cxd4 4.Nxd4 Nf6 5.Nc3 a6 6.h3 e6 7.g4 Nc6 8.Bg2 Qc7 
9.O-O Be7 10.Be3 Ne5 11.Nce2 b5 12.b3 Bb7 13.Ng3 Rc8 14.Rc1 O-O 15.g5 Nfd7
16.f4 Nc6 17.Nxc6 Qxc6 18.f5 Qc3 19.Qf3 d5 20.Qf2 dxe4 21.Nxe4 Bxe4 22.
Bxe4 Bc5 23.Rce1 e5 24.f6 g6 25.Qf3 Rfd8 26.Kh1 Bxe3 27.Rxe3 Qb2 28.Rd1 
Nf8 29.Bd5 Rd7 30.c4 bxc4 31.bxc4 h6 32.Qg4 Rc5 33.Rb3 Qc2 34.Rf1 Rc8 35.
Qh4 Qxa2 36.Rfb1 Qf2 1/2-1/2

[Event "POL-ChT3"]
[Site "Lazy POL"]
[Date "2012.09.02"]
[Round "2"]
[White "Chomczyk, Marek"]
[Black "Bardeli, Lukasz"]
[Result "0-1"]
[WhiteElo "1876"]
[BlackElo "2287"]
[EventDate "2012.09.01"]
[PlyCount "40"]

1.e4 c5 2.Nf3 Nc6 3.d4 cxd4 4.Nxd4 g6 5.Nc3 Bg7 6.Be3 Nf6 7.Bc4 Qa5 8.O-O 
O-O 9.Bb3 d6 10.h3 Bd7 11.Qd2 Nxd4 12.Qxd4 Ng4 13.Qd2 Nxe3 14.Qxe3 Bxc3 
15.bxc3 Rac8 16.c4 Be6 17.Rad1 Bxc4 18.Bxc4 Rxc4 19.Rd5 Qxa2 20.Qh6 Rxe4 
0-1

[Event "POL-ChT3"]
[Site "Lazy POL"]
[Date "2012.09.02"]
[Round "2"]
[White "Nowak, Rafal"]
[Black "Powalka, Michal"]
[Result "1-0"]
[WhiteElo "2054"]
[BlackElo "1767"]
[EventDate "2012.09.01"]
[PlyCount "0"]

1.d4 Nf6 2.Bg5 Ne4 3.Bf4 d5 4.f3 Nf6 5.e4 dxe4 6.Nc3 exf3 7.Nxf3 Bg4 8.h3 
Bh5 9.g4 Bg6 10.Qe2 e6 11.O-O-O c6 12.Ne5 Bb4 13.d5 Qe7 14.d6 Qd8 15.Nb5 
Na6 16.a3 cxb5 17.Qxb5+ Nd7 18.axb4 Qc8 19.Nxg6 hxg6 20.Bg2 Rb8 21.Rd3 O-O
22.Rc3 Qd8 23.Bxb7 Qb6 24.Qxb6 Nxb6 25.Bxa6 Nd5 26.Rf3 Rxb4 27.Bg3 1-0

[Event "POL-ChT3"]
[Site "Lazy POL"]
[Date "2012.09.02"]
[Round "2"]
[White "Kowalec, Maciej"]
[Black "Dzwikowski, Adam"]
[Result "0-1"]
[WhiteElo "1697"]
[BlackElo "2018"]
[EventDate "2012.09.01"]
[PlyCount "90"]

1.d4 d6 2.Nf3 g6 3.c4 Bg7 4.Nc3 Nd7 5.e4 e5 6.d5 a5 7.Be2 Ngf6 8.h3 O-O 9.
Be3 Nc5 10.Bxc5 dxc5 11.Nd2 Ne8 12.O-O Nd6 13.Nb5 f5 14.Nxd6 cxd6 15.Qc2 
Bh6 16.Rad1 Qh4 17.Nf3 Qf6 18.Bd3 Rf7 19.Qb3 Qd8 20.Qc3 Bd7 21.a3 a4 22.
Rb1 b5 23.cxb5 fxe4 24.Bxe4 Bxb5 25.Bd3 c4 26.Be2 Rc8 27.Nd2 Qh4 28.Bg4 
Bd7 29.Bxd7 Rxd7 30.Nf3 Qd8 31.Qb4 Ra7 32.Rfe1 Qc7 33.Re4 Qc5 34.Qxc5 Rxc5
35.g4 Bf4 36.Rd1 Rb7 37.Re2 Rb3 38.Kg2 Rd3 39.Rh1 Rcxd5 40.h4 Rb5 41.h5 g5
42.h6 Rbb3 43.Rh3 e4 44.Nxg5 Bxg5 45.Rh5 Bf4 0-1

[Event "POL-ChT3"]
[Site "Lazy POL"]
[Date "2012.09.02"]
[Round "2"]
[White "Kujawski, Jan"]
[Black "Kowalski, Igor"]
[Result "1/2-1/2"]
[WhiteElo "2106"]
[BlackElo "1770"]
[EventDate "2012.09.01"]
[PlyCount "120"]

1.e4 c5 2.Nc3 e6 3.Nf3 a6 4.d4 cxd4 5.Nxd4 b5 6.a3 Bb7 7.Be2 Qc7 8.O-O Nf6
9.Bf3 d6 10.Bg5 Nbd7 11.Bxf6 Nxf6 12.Re1 Be7 13.Na2 O-O 14.c3 Rac8 15.Nb4 
Rfd8 16.Qe2 Qb6 17.Rad1 Nd7 18.Nd3 Nc5 19.g3 Na4 20.Rd2 Bf6 21.e5 Bxf3 22.
Nxf3 dxe5 23.Ndxe5 Bxe5 24.Nxe5 Rxd2 25.Qxd2 Rd8 26.Qe2 f6 27.Ng4 Kf7 28.
Ne3 g6 29.Rd1 Rxd1+ 30.Qxd1 Ke7 31.Qe2 Qc5 32.h4 f5 33.c4 Kd7 34.b3 Nb6 
35.b4 Qe5 36.Qd3+ Kc7 37.c5 Nc8 38.f4 Qa1+ 39.Kf2 Qa2+ 40.Kf3 Qa1 41.Nc2 
Qh1+ 42.Ke2 Qg2+ 43.Kd1 Qc6 44.Nd4 Qd5 45.Kd2 Ne7 46.Ke3 e5 47.Ne2 Qe6 48.
fxe5 Qxe5+ 49.Kf3 Nd5 50.Qd4 Qxd4 51.Nxd4 Kd7 52.g4 fxg4+ 53.Kxg4 h6 54.
Kf3 Ne7 55.Ke4 g5 56.hxg5 hxg5 57.Nf3 a5 58.Ne5+ Kc7 59.bxa5 Kb7 60.Kd4 
Ka6 1/2-1/2

[Event "POL-ChT3"]
[Site "Lazy POL"]
[Date "2012.09.02"]
[Round "2"]
[White "Gluszko, Monika"]
[Black "Golek, Jagoda"]
[Result "1/2-1/2"]
[WhiteElo "1990"]
[BlackElo "2061"]
[EventDate "2012.09.01"]
[PlyCount "56"]

1.e4 c5 2.Nf3 e6 3.b3 Nf6 4.Bb2 d6 5.d4 cxd4 6.Nxd4 Nc6 7.Nc3 Be7 8.Be2 a6
9.a4 Qc7 10.O-O Bd7 11.Kh1 Rc8 12.f4 O-O 13.Nf3 Rfd8 14.Qe1 Be8 15.Qg3 d5 
16.exd5 exd5 17.Bd3 d4 18.Ne2 Qb6 19.Rad1 Bc5 20.Nh4 Ne7 21.Rfe1 Rc7 22.
Nxd4 Bxd4 23.Bxd4 Rxd4 24.Rxe7 Rxe7 25.Nf5 g6 26.Nxe7+ Kf8 27.Re1 Qd6 28.
Re5 Nd7 1/2-1/2

[Event "POL-ChT3"]
[Site "Lazy POL"]
[Date "2012.09.02"]
[Round "2"]
[White "Krogulski, Grzegorz"]
[Black "Matuszewski, Michal"]
[Result "0-1"]
[WhiteElo "2387"]
[BlackElo "2368"]
[EventDate "2012.09.01"]
[PlyCount "64"]

1.e4 c5 2.Nf3 d6 3.d4 cxd4 4.Nxd4 Nf6 5.Nc3 a6 6.g3 g6 7.Bg2 Bg7 8.O-O O-O
9.Re1 Bg4 10.f3 Bd7 11.a4 Nc6 12.Nde2 Ne5 13.Nf4 Rc8 14.Ra2 h6 15.Ncd5 
Nxd5 16.Nxd5 e6 17.Ne3 Qa5 18.b3 Nc6 19.Nc4 Qc5+ 20.Kh1 d5 21.Ba3 Nb4 22.
exd5 exd5 23.Qd2 a5 24.c3 dxc4 25.bxc4 Qc7 26.cxb4 Qxc4 27.Re4 Qb3 28.bxa5
Rfe8 29.Be7 Bc3 30.Qc2 Qxc2 31.Rxc2 Bf5 32.Bd6 Bxe4 0-1

[Event "POL-ChT3"]
[Site "Lazy POL"]
[Date "2012.09.02"]
[Round "2"]
[White "Tobolski, Jakub"]
[Black "Sygulski, Boguslaw"]
[Result "1/2-1/2"]
[WhiteElo "2089"]
[BlackElo "2254"]
[EventDate "2012.09.01"]
[PlyCount "74"]

1.e4 c5 2.Nf3 Nc6 3.d4 cxd4 4.Nxd4 d5 5.Bb5 dxe4 6.Nxc6 Qxd1+ 7.Kxd1 a6 8.
Nd4+ axb5 9.Nxb5 Bg4+ 10.Ke1 Rc8 11.N1c3 e5 12.h3 Bd7 13.a4 Nf6 14.Ke2 Bb4
15.Bd2 O-O 16.Rac1 Be7 17.Bg5 Bxb5+ 18.Nxb5 Rfd8 19.Rhd1 Rxd1 20.Kxd1 Kf8 
21.c4 Nd7 22.Bxe7+ Kxe7 23.b4 Nb6 24.c5 Nxa4 25.Nd6 Rd8 26.Ra1 b5 27.Kc2 
Rxd6 28.cxd6+ Kxd6 29.Kb3 f5 30.Rd1+ Ke6 31.Re1 h5 32.f3 exf3 33.gxf3 g5 
34.Rg1 Kf6 35.Rc1 g4 36.hxg4 hxg4 37.fxg4 fxg4 1/2-1/2

[Event "POL-ChT3"]
[Site "Lazy POL"]
[Date "2012.09.02"]
[Round "2"]
[White "Markiewicz, Jerzy"]
[Black "Matuszczyk, Przemyslaw"]
[Result "1-0"]
[WhiteElo "2261"]
[BlackElo "2067"]
[EventDate "2012.09.01"]
[PlyCount "59"]

1.d4 d5 2.Nf3 Nf6 3.c4 c6 4.Qc2 dxc4 5.Qxc4 Bf5 6.g3 Nbd7 7.Bg2 e6 8.O-O 
Be7 9.Nc3 Ne4 10.Rd1 O-O 11.Qb3 Qb6 12.Qxb6 axb6 13.Nxe4 Bxe4 14.Ne5 Nxe5 
15.Bxe4 Nc4 16.a4 b5 17.b3 Nb6 18.Bc2 Ra7 19.Be3 Ra5 20.Bd2 b4 21.e4 Nd7 
22.Rac1 e5 23.Be3 exd4 24.Bxd4 Rfa8 25.Bd3 Nc5 26.Be3 Kf8 27.Kg2 b6 28.Be2
Rd8 29.Bf4 Raa8 30.Be3 1-0

[Event "POL-ChT3"]
[Site "Lazy POL"]
[Date "2012.09.02"]
[Round "2"]
[White "Wolynski, Krzysztof"]
[Black "Mrozek, Przemyslaw"]
[Result "1/2-1/2"]
[WhiteElo "2056"]
[BlackElo "2190"]
[EventDate "2012.09.01"]
[PlyCount "128"]

1.e4 c5 2.Nf3 Nc6 3.d4 cxd4 4.Nxd4 e5 5.Nb5 d6 6.N1c3 Be6 7.Nd5 Bxd5 8.
exd5 Nce7 9.c4 a6 10.Nc3 Ng6 11.Qa4+ Qd7 12.Qxd7+ Kxd7 13.Bd3 N8e7 14.Ne4 
f5 15.Ng5 e4 16.Be2 Ne5 17.O-O g6 18.Ne6 Rc8 19.b3 Nf7 20.f3 exf3 21.Bxf3 
Ne5 22.Be2 h5 23.Be3 Bh6 24.Bd4 Rhe8 25.Rad1 Nf7 26.Bd3 Ne5 27.Be2 Nf7 28.
Bf3 Ne5 29.Be2 Nf7 30.Bf3 Ne5 31.Be2 Nf7 32.Rfe1 Ne5 33.Bf1 Nf7 34.Bb6 Ng8
35.b4 Nf6 36.c5 Nxd5 37.Rxd5 Rxe6 38.Rxe6 Kxe6 39.Bc4 Kf6 40.Rd3 dxc5 41.
Bxc5 Rd8 42.Rxd8 Nxd8 43.Bd4+ Ke7 44.b5 axb5 45.Bc5+ Kd7 46.Bxb5+ Nc6 47.
Bc4 Bf4 48.h3 Bd6 49.Bf2 g5 50.Kf1 h4 51.Be3 Be7 52.Ke2 Kd6 53.a4 Bd8 54.
Bf7 Ne5 55.Bg8 Bf6 56.Bb3 Nc6 57.Bc4 Ke5 58.Bb5 Kd5 59.Bd3 f4 60.Bf2 Bd4 
61.Be1 Ne5 62.Bf5 Kc4 63.Be4 b6 64.a5 bxa5 1/2-1/2

[Event "POL-ChT3"]
[Site "Lazy POL"]
[Date "2012.09.02"]
[Round "2"]
[White "Markiewicz, Mateusz"]
[Black "Cichy, Kamil"]
[Result "1-0"]
[WhiteElo "2067"]
[BlackElo "1992"]
[EventDate "2012.09.01"]
[PlyCount "95"]

1.e4 c5 2.Nf3 d6 3.Bb5+ Bd7 4.Bxd7+ Qxd7 5.c3 Qg4 6.Qa4+ Nd7 7.O-O Nf6 8.
Re1 e6 9.h3 Qg6 10.Qb5 Rb8 11.d3 Be7 12.Bf4 O-O 13.Nbd2 a6 14.Qb3 Nh5 15.
Bh2 b5 16.a4 c4 17.Qa3 Nc5 18.dxc4 Nd3 19.Re3 Nhf4 20.Bxf4 Nxf4 21.g3 
Nxh3+ 22.Kf1 bxa4 23.c5 dxc5 24.Nc4 f5 25.Nce5 Qh5 26.Kg2 f4 27.g4 Qe8 28.
Re2 Ng5 29.Qxa4 Nxf3 30.Kxf3 Qd8 31.Rd1 Qc8 32.Nd7 h5 33.Nxf8 hxg4+ 34.
Kxg4 Qxf8 35.Rh1 f3 36.Re3 Qf6 37.e5 Qf5+ 38.Kg3 Rxb2 39.Qe8+ Bf8 40.Qh5 
Qxh5 41.Rxh5 a5 42.Rh4 Ra2 43.Kxf3 a4 44.Ree4 Be7 45.Rxa4 Rc2 46.Rhc4 Bf8 
47.Ra8 Kf7 48.Rf4+ 1-0

[Event "POL-ChT3"]
[Site "Lazy POL"]
[Date "2012.09.02"]
[Round "2"]
[White "Krupa, Anna"]
[Black "Jalowiec, Halina"]
[Result "0-1"]
[WhiteElo "1888"]
[BlackElo "2046"]
[EventDate "2012.09.01"]
[PlyCount "62"]

1.d4 c5 2.c3 e6 3.Nf3 Nf6 4.Bg5 d5 5.e3 Qb6 6.Qb3 Ne4 7.Bf4 c4 8.Qc2 Nd7 
9.Nbd2 Nxd2 10.Nxd2 Be7 11.e4 Qc6 12.Be2 b5 13.O-O O-O 14.Bg3 a5 15.f4 f5 
16.e5 b4 17.Nf3 bxc3 18.bxc3 Ba3 19.Rab1 Nb6 20.Bh4 Bd7 21.Qd2 Rab8 22.Bd1
Rb7 23.Qf2 Rfb8 24.Qg3 Be8 25.Nd2 Na4 26.Bc2 Rb2 27.Bf6 Bf8 28.Rfc1 Qc7 
29.Bxf5 exf5 30.e6 Bg6 31.Be5 Bd6 0-1

[Event "POL-ChT3"]
[Site "Lazy POL"]
[Date "2012.09.02"]
[Round "2"]
[White "Borgula, Rafal"]
[Black "Kalinin, Oleg"]
[Result "1/2-1/2"]
[WhiteElo "2306"]
[BlackElo "2336"]
[EventDate "2012.09.01"]
[PlyCount "67"]

1.d4 Nf6 2.Bg5 Ne4 3.Bh4 c6 4.Nd2 Qa5 5.c3 Qh5 6.Nxe4 Qxh4 7.Ng3 d5 8.Nf3 
Qf4 9.e3 Qc7 10.Bd3 Bg4 11.O-O g6 12.c4 dxc4 13.Bxc4 e6 14.Rc1 Bg7 15.h3 
Bxf3 16.Qxf3 O-O 17.b4 Qb6 18.Rb1 Nd7 19.Ne4 Qd8 20.Qe2 Nb6 21.Bb3 a6 22.
Qc2 Nd5 23.Bxd5 cxd5 24.Nc5 b6 25.Nd3 Qd7 26.Qb3 Rfc8 27.Rfc1 f6 28.Rxc8+ 
Rxc8 29.b5 a5 30.Rc1 Rxc1+ 31.Nxc1 Qc7 32.Ne2 Bf8 33.Qc3 Qxc3 34.Nxc3 
1/2-1/2

[Event "POL-ChT3"]
[Site "Lazy POL"]
[Date "2012.09.02"]
[Round "2"]
[White "Walach, Marcin"]
[Black "Robak, Zbigniew"]
[Result "1/2-1/2"]
[WhiteElo "2349"]
[BlackElo "2235"]
[EventDate "2012.09.01"]
[PlyCount "56"]

1.e4 d6 2.d4 Nf6 3.Nc3 g6 4.f4 Bg7 5.Nf3 O-O 6.Bd3 Na6 7.O-O c5 8.d5 Nc7 
9.a4 Rb8 10.Qe1 a6 11.a5 b5 12.axb6 Rxb6 13.Na4 Rb8 14.c4 e6 15.e5 Nfe8 
16.exd6 Nxd6 17.Ne5 Bb7 18.Nxc5 exd5 19.Nxb7 Rxb7 20.cxd5 Nxd5 21.Bxa6 Rb4
22.Qf2 Ne4 23.Qa7 Qd6 24.Rd1 Bxe5 25.fxe5 Qxe5 26.Ra5 Qc7 27.Qxc7 Nxc7 28.
Be2 Re8 1/2-1/2

[Event "POL-ChT3"]
[Site "Lazy POL"]
[Date "2012.09.02"]
[Round "2"]
[White "Konieczynski, Piotr"]
[Black "Kornasiewicz, Stanislaw"]
[Result "0-1"]
[WhiteElo "1933"]
[BlackElo "2214"]
[EventDate "2012.09.01"]
[PlyCount "169"]

1.d4 f5 2.c4 Nf6 3.g3 c6 4.Bg2 g6 5.Nf3 Bg7 6.O-O O-O 7.Nc3 d6 8.Qc2 Qe8 
9.d5 cxd5 10.cxd5 Na6 11.Be3 Bd7 12.Qd2 b6 13.Bh6 Qf7 14.Bxg7 Qxg7 15.Nd4 
Nc5 16.Qe3 Ng4 17.Qd2 Ne5 18.b3 f4 19.Ne4 Nxe4 20.Bxe4 Rac8 21.Rac1 Rc5 
22.b4 Rc4 23.Rxc4 Nxc4 24.Qd3 b5 25.Rc1 Qf6 26.Nf3 fxg3 27.fxg3 Bg4 28.Qd4
Bxf3 29.Qxf6 exf6 30.Bxf3 f5 31.a4 a6 32.axb5 axb5 33.Ra1 Kg7 34.Ra7+ Rf7 
35.Ra8 Rb7 36.g4 fxg4 37.Bxg4 Kf6 38.Re8 Kg5 39.Bh3 h5 40.Kf2 Rf7+ 41.Ke1 
Kf4 42.Bg2 Ra7 43.e3+ Kg5 44.Bf1 Ra1+ 45.Kf2 Ra2+ 46.Kg1 Ne5 47.Rf8 Rb2 
48.Bxb5 Rxb4 49.Be2 Rb2 50.Kf1 Rd2 51.e4 Rd4 52.Rd8 Rxe4 53.Rxd6 Rf4+ 54.
Kg2 Rb4 55.Rd8 Rd4 56.Kf2 Kf6 57.Rd6+ Kf5 58.Rd8 Rf4+ 59.Kg2 Rd4 60.Kf2 
Rf4+ 61.Kg3 Ke4 62.Bd1 Rf6 63.Kh4 Rf2 64.Kg3 Rd2 65.Ba4 Rd3+ 66.Kg2 Rxd5 
67.Bc2+ Kd4 68.Rg8 Rd6 69.Kg3 Rf6 70.Bd1 Rf1 71.Be2 Rf5 72.Ra8 Ke3 73.Bd1 
Rg5+ 74.Kh4 Rf5 75.Re8 Kf4 76.Rd8 g5+ 77.Kh3 g4+ 78.Kg2 h4 79.Rd4+ Kg5 80.
Ra4 Rf4 81.Ra5 Re4 82.Ra8 Rd4 83.Rg8+ Kf4 84.Rf8+ Ke3 85.Re8 0-1

[Event "POL-ChT3"]
[Site "Lazy POL"]
[Date "2012.09.02"]
[Round "2"]
[White "Osipow, Nikolaj"]
[Black "Majdan, Damian"]
[Result "1-0"]
[WhiteElo "2179"]
[BlackElo "1779"]
[EventDate "2012.09.01"]
[PlyCount "120"]

1.d4 Nf6 2.Nf3 g6 3.c4 Bg7 4.Nc3 d5 5.e3 O-O 6.Be2 dxc4 7.Bxc4 c5 8.O-O 
Bg4 9.Be2 e6 10.h3 Bf5 11.Bd2 Nc6 12.dxc5 Ne4 13.Nxe4 Bxe4 14.Qc1 Qe7 15.
Bc3 Qxc5 16.Bxg7 Qxc1 17.Raxc1 Kxg7 18.Ng5 Bd5 19.Bb5 a6 20.Ba4 Nb4 21.e4 
Bc6 22.Bxc6 Nxc6 23.Nf3 Rfd8 24.Rfd1 Rxd1+ 25.Rxd1 Rd8 26.Rxd8 Nxd8 27.Kf1
Nc6 28.Ke2 e5 29.a3 h6 30.Kd3 b5 31.Nd2 f5 32.Nb3 Kf7 33.Nc5 a5 34.a4 bxa4
35.Nxa4 Nb4+ 36.Kc4 fxe4 37.Nc5 Nc2 38.Nxe4 Ne1 39.g3 Ke6 40.Nc5+ Kf5 41.
Kd5 h5 42.h4 Nf3 43.Nb3 Nxh4 44.gxh4 g5 45.hxg5 h4 46.g6 h3 47.g7 h2 48.
g8=Q h1=Q+ 49.Kc5 Qb7 50.Qc4 Qa7+ 51.Kb5 Kg5 52.Qc1+ Kg4 53.Qd1+ Kf4 54.
Qd2+ Kf3 55.Qe3+ Qxe3 56.fxe3 Kxe3 57.Kxa5 Kd3 58.Nc5+ Kc4 59.b4 Kd5 60.
Nd7 Kd6 1-0

[Event "POL-ChT3"]
[Site "Lazy POL"]
[Date "2012.09.02"]
[Round "2"]
[White "Maksimenko, Andrei Jr"]
[Black "Knopik, Krzysztof"]
[Result "1/2-1/2"]
[WhiteElo "1896"]
[BlackElo "2127"]
[EventDate "2012.09.01"]
[PlyCount "37"]

1.e4 e5 2.Nf3 Nc6 3.Nc3 Nf6 4.d4 exd4 5.Nxd4 Bb4 6.Nxc6 bxc6 7.Bd3 d5 8.
exd5 cxd5 9.O-O O-O 10.Bb5 c6 11.Qf3 Be7 12.Re1 Rb8 13.Rb1 h6 14.Bxh6 gxh6
15.Qe3 Bd6 16.Qxh6 Bb4 17.Qg5+ Kh8 18.Qh6+ Kg8 19.Qg5+ 1/2-1/2

[Event "POL-ChT3"]
[Site "Lazy POL"]
[Date "2012.09.02"]
[Round "2"]
[White "Gonsior, Monika"]
[Black "Weglarz, Joanna"]
[Result "0-1"]
[WhiteElo "2028"]
[BlackElo "2007"]
[EventDate "2012.09.01"]
[PlyCount "0"]

1.e4 c5 2.Nf3 Nc6 3.d4 cxd4 4.Nxd4 e5 5.Nxc6 bxc6 6.c4 Nf6 7.Nc3 Be7 8.Be2
O-O 9.O-O d6 10.Kh1 Be6 11.Qa4 Qb6 12.f4 Bg4 13.Qd1 Bxe2 14.Qxe2 exf4 15.
Rxf4 Nd7 16.Be3 Qa5 17.Rf5 Ne5 18.Rh5 Qb4 19.c5 Qc4 20.Qd1 Qe6 21.cxd6 
Bxd6 22.Bd4 Rfd8 23.Qe2 Ng6 24.Qf2 Rd7 25.Rf1 Be5 26.Bxe5 Nxe5 27.Qg3 Ng6 
28.Rhf5 Rad8 29.R5f2 Ne5 30.Rf5 Nc4 31.Qf2 Nd6 32.Rf4 Nb5 33.a4 Nxc3 34.
bxc3 Qc4 35.h3 h6 36.e5 Qxc3 37.Rxf7 Qxe5 38.Rxd7 Rxd7 39.Qf8+ Kh7 40.Qc8 
Qe2 41.Kg1 Qe3+ 42.Kh2 Qe5+ 43.Kh1 Rc7 44.Qa6 Qe4 45.Qa5 Rb7 46.Kh2 Rb4 
47.Qxa7 Rxa4 48.Qf2 Qe5+ 49.Kh1 Ra1 50.Rxa1 Qxa1+ 51.Kh2 Qe5+ 52.Kh1 c5 
53.Qc2+ Kh8 54.Qc4 Qd4 55.Qf7 c4 56.Qf8+ Kh7 57.Qf5+ Kg8 58.Qe6+ Kf8 59.
Qc8+ Ke7 60.Qc7+ Ke6 61.Qc8+ Ke5 62.Qe8+ Kd5 63.Qf7+ Ke4 64.Qf3+ Ke5 65.
Qg3+ Kd5 66.Qf3+ Kc5 67.Qf8+ Kb5 68.Qb8+ Ka4 69.Qe8+ Kb4 70.Qe7+ Kb3 71.
Qb7+ Kc2 72.Qb4 Qa1+ 73.Kh2 Qe5+ 74.Kh1 c3 75.Qa4+ Kd2 76.Qd7+ Kc1 77.Qd3 
c2 78.Qa3+ Kd2 79.Qb4+ Qc3 80.Qf4+ Kd1 81.Qg4+ Kc1 82.Qf4+ Kb1 83.Qe4 Qb3 
84.Qf5 Qc4 85.Kh2 Ka2 86.Qa5+ Kb3 87.Qb6+ Ka4 88.Qa7+ Kb3 89.Qb7+ Ka2 90.
Qa7+ Kb3 91.Qb6+ Ka4 92.Qa7+ Kb5 93.Qb7+ Kc5 94.Qc7+ Kb4 95.Qb7+ Qb5 96.
Qe7+ Qc5 97.Qb7+ Kc4 98.Qf7+ Kd3 99.Qb3+ Ke4 100.Qf3+ Kd4 101.Qf2+ Kd5 
102.Qf5+ Kc6 103.Qc8+ Kb6 104.Qb8+ Ka5 105.Qa8+ Kb4 106.Qb7+ Ka3 107.Qa6+ 
Kb3 108.Qb7+ Qb4 109.Qf7+ Ka3 110.Qa7+ Qa4 111.Qe7+ Ka2 112.Qf7+ Qb3 113.
Qf4 g5 114.Qd2 Kb1 0-1

[Event "POL-ChT3"]
[Site "Lazy POL"]
[Date "2012.09.02"]
[Round "2"]
[White "Mickiewicz, Piotr"]
[Black "Joachimiak, Roman"]
[Result "1-0"]
[WhiteElo "2363"]
[BlackElo "2055"]
[EventDate "2012.09.01"]
[PlyCount "53"]

1.c4 Nf6 2.Nc3 g6 3.g3 Bg7 4.Bg2 O-O 5.d4 d6 6.e3 Nbd7 7.Nge2 e5 8.b3 Rb8 
9.O-O h6 10.Qc2 b6 11.Nb5 a6 12.Na7 Bb7 13.Nc6 Bxc6 14.Bxc6 Qe7 15.Nc3 
Rbd8 16.Bb2 Nb8 17.Bg2 c5 18.Rad1 Qc7 19.dxe5 dxe5 20.Nd5 Nxd5 21.Bxd5 Kh7
22.Rd2 Rd7 23.Rfd1 Rfd8 24.Bxf7 Qc6 25.Bd5 Qd6 26.Bg8+ Kxg8 27.Rxd6 1-0

[Event "POL-ChT3"]
[Site "Lazy POL"]
[Date "2012.09.02"]
[Round "2"]
[White "Kulas, Szymon"]
[Black "Kozlowski, Tomasz"]
[Result "0-1"]
[WhiteElo "2059"]
[BlackElo "1947"]
[EventDate "2012.09.01"]
[PlyCount "54"]

1.e4 e5 2.Nf3 d6 3.d4 Nd7 4.Nc3 c6 5.Bc4 Be7 6.a3 h6 7.Qe2 b5 8.Ba2 a6 9.
Be3 Ngf6 10.Rd1 Qc7 11.O-O a5 12.b4 axb4 13.axb4 Nxe4 14.Bxf7+ Kxf7 15.
Nxe4 d5 16.Nc5 Bxc5 17.bxc5 e4 18.Nh4 Nf6 19.f3 Re8 20.fxe4 Rxe4 21.Rxf6+ 
gxf6 22.Qh5+ Kg8 23.Bxh6 Qf7 24.Qxf7+ Kxf7 25.g3 Re2 26.Rf1 Bh3 27.Rc1 Ra2
0-1